Xylophone Quiz - Statistics

General Stats
  • This quiz has been taken 24 times
  • The average score is 4 of 15
Answer Stats
Question Answer % Correct
Which music family is it in? Percussion
96%
Popular Central American Instrument it is often confused with Marimba
83%
What is the name of a similar German instrument which uses metal instead of wooden keys? Glockenspiel
70%
What should they be played with? Mallets
61%
The xylophone is considered a precursor to the invention of this instrument, which was first constructed in the 1920s. Vibraphone
30%
Developed in which century? 9th
17%
The sounds of this character's twinkling toes at the bowling alley aren't made by his toes... they're made by a xylophone! Fred Flintstone
13%
It was used in the opera Hansel and Gretel by this German composer Engelbert Humperdinck
4%
People in this African nation used the xylophone to maintain the well-being of their gardens and crops. Senegal
4%
The Xylophone Debuted in the Orchestra in this year 1893
0%
The xylophone was an essential part of this comedy duo's routines during the late 19th century. Harrigan and Hart
0%
In 1903, the mass production of the modern xylophone began at the hands of this American company John Calhoun Deagan.
0%
Xylophones are often included in this approach to teaching music Orff Schulwerk
0%
Xylophone developed by Lozi people in Barotseland, western Zambia Silimba
0%
This person wrote "Concertino for Xylophone" Toshiro Mayuzumi
0%
No matching quizzes found
Score Distribution
Percent of People with Each Score
Percentile by Number Answered
Your Score History
You have not taken this quiz